000 00594nam a22001937a 4500
999 _c10498
_d10498
003 AR-CdUCM
008 190401b ||||| |||| 00| 0 spa d
040 _aMUNICIPALIDAD PROVINCIAL DEL CUSCO
_cBIBLIOTECA MUNICIPAL DEL CUSCO
082 _aEP / 009 /
_bD82
110 _aWalt Disney
_926714
245 _aEl País de los Osos /
260 _aMéxico :
_bCalifornia Offset ;
_c1963.
300 _a40 páginas
_bFotografías
_c23cm
505 _aContenido: Los osos
650 _aLecturas infantiles
_927390
710 _aFernández Editores
_927391
942 _2ddc
_cLIBROS
945 _anom